NBA team quizzes Miami Heat - Statistics

General Stats
  • This quiz has been taken 55 times
  • The average score is 13 of 15
Answer Stats
Hint Answer % Correct
how many finals appearances do they have 7
100%
when was their most recent ring (say never if they didn't get one) 2013
98%
how many rings do they have 3
98%
how many jerseys have they retired (if you include LeBron) excluding Michael Jordan 7
98%
scoring leader Dwyane Wade
98%
what number did D Wade wear for the heat 3
96%
what number did LeBron wear for the heat 6
96%
steals leader Dwyane Wade
92%
heat big 3 ↓ LeBron James
90%
assists leader Dwyane Wade
90%
Chris Bosh
88%
Dwyane Wade
88%
blocks leader Alonzo Mourning
79%
most recent jersey retirement (say none if they didn't retire one) Udonis Haslem
67%
rebounds leader Udonis Haslem
63%
No matching quizzes found
Score Distribution
Percent of People with Each Score
Percentile by Number Answered
Your Score History
You have not taken this quiz